000 00633cam a2200181 4500
008 000000n2000 000 0 eng u
035 _a(Sirsi) u107262
245 _aMeasures to tackle aircraft noise
260 _c2000
490 _aDETR Press Release
_v(481) 20 July 2000, (2)
520 _aThe DETR has announced plans to tackle the problem of civil aircraft noise in the form of a consultation paper which can be viewed at: www.aviation.detr.gov.uk
590 _aWB
650 _aAIRCRAFT NOISE
650 _aCONSULTATION PAPER
650 _aNOISE POLLUTION
690 _aENVIRONMENTAL AND LAND CONSULTANCY
942 _n0
999 _c64126
_d64126